| 000 | 00805nam a22002657a 4500 | ||
|---|---|---|---|
| 005 | 20230512222915.0 | ||
| 008 | 190423t xxu||||| |||| 00| 0 eng d | ||
| 020 | _a9781680959406 | ||
| 040 | _cCSPC | ||
| 082 | 0 |
_a020 _bSi643r |
|
| 100 |
_aSingh, Pramod Kumar, _eauthor. |
||
| 245 | 0 | 0 |
_aResearch studies in library science _cPramod Kumar Singh |
| 260 |
_aNew York, NY: _bDelve Publishing, _c2017. |
||
| 300 |
_avi, 194 pages : _c24 cm. |
||
| 336 |
_2rdacontent _atext |
||
| 337 |
_2rdamedia _aunmediated |
||
| 338 |
_2rdacarrier _avolume |
||
| 500 | _aIncludes index, | ||
| 504 | _aIncludes bibliography. (pages 187-192) | ||
| 650 | 1 | 0 | _aLibrary science. |
| 940 | _aJames SIas | ||
| 942 |
_cBOOK _jCIR 020 Si643r 2017 |
||
| 999 |
_c7813 _d7813 |
||